00542nam a2200181 a 45000010008000000080041000080100013000490200015000620500015000771000020000922450075001122500012001872600050001993000023002495000051002726500013003237000024003361617104160601s1996 ||||||||||||||||| || u a95040324 a0133711471 aQH 430 Klu aKlug, William S10aEssentials of genetics. (2nd ed)cWilliam S. Klug, Michael R. Cummings a2nd ed. aUpper Saddle River, N.J.bPrentice Hallc1996 axv, 560 p. : ill.  aIncludes bibliographical references and index. 0aGENETICS aCummings, Michael R